Food processing and production: (Record no. 736)

MARC details
000 -LEADER
fixed length control field 00610nam a22002057a 4500
005 - DATE AND TIME OF LATEST TRANSACTION
control field 20230130023253.0
008 - FIXED-LENGTH DATA ELEMENTS--GENERAL INFORMATION
fixed length control field 230130b |||||||| |||| 00| 0 eng d
020 ## - INTERNATIONAL STANDARD BOOK NUMBER
International Standard Book Number 978-1-64172-035-9
082 ## - DEWEY DECIMAL CLASSIFICATION NUMBER
Classification number 664.02 H941 2019
100 ## - MAIN ENTRY--PERSONAL NAME
Personal name Hunt, Kaden
Relator term author
245 ## - TITLE STATEMENT
Title Food processing and production:
Remainder of title Principles and applications /
Statement of responsibility, etc. Kaden Hunt
260 ## - PUBLICATION, DISTRIBUTION, ETC.
Place of publication, distribution, etc. New York:
Name of publisher, distributor, etc. Larsen and Keller,
Date of publication, distribution, etc. c2019.
300 ## - PHYSICAL DESCRIPTION
Extent viii, 213p.;
Other physical details col. ill.
490 ## - SERIES STATEMENT
Series statement textbook series
504 ## - BIBLIOGRAPHY, ETC. NOTE
Bibliography, etc. note Includes index
541 ## - IMMEDIATE SOURCE OF ACQUISITION NOTE
Accession number 6302
650 ## - SUBJECT ADDED ENTRY--TOPICAL TERM
Topical term or geographic name entry element Food preservation
650 ## - SUBJECT ADDED ENTRY--TOPICAL TERM
Topical term or geographic name entry element Food - Purchasing
650 ## - SUBJECT ADDED ENTRY--TOPICAL TERM
Topical term or geographic name entry element Food industry
Holdings
Withdrawn status Lost status Source of classification or shelving scheme Damaged status Not for loan Home library Current library Date acquired Total Checkouts Full call number Barcode Date last seen Copy number Price effective from Koha item type
    Dewey Decimal Classification     ctu-moalboal ctu-moalboal 10/14/2019   664.02 H941 2019 6302 01/30/2023 1 01/30/2023 Books-Reference